| 000 | 00673cam a2200205 a 4500 | ||
|---|---|---|---|
| 020 | _a0070450161 (alk. paper) | ||
| 040 | _cDLC | ||
| 082 | 0 | 0 | _a372 MCG 1996 A010 Or. |
| 100 | 1 | _aMcCabe, Allyssa. | |
| 245 | 1 | 0 |
_aChameleon readers : _bteaching children to appreciate all kinds of good stories / |
| 260 |
_aNew York : _bMcGraw-Hill, _cc1996. |
||
| 300 |
_axvi, 204 p. ; _c24 cm. |
||
| 650 | 0 | _aChildren's literature | |
| 650 | 0 | _aEducation, Elementary | |
| 650 | 0 | _aReading (Elementary) | |
| 650 | 0 | _aStorytelling. | |
| 856 | 4 | 2 | _uhttp://www.loc.gov/catdir/description/mh022/95038739.html |
| 856 | 4 | 1 | _uhttp://www.loc.gov/catdir/toc/mh022/95038739.html |
| 942 | _cEK | ||
| 999 |
_c13786 _d13786 |
||